000 00525nam a2200193Ia 4500
003 GCL
008 140319s9999 xx 000 0 eng d
040 _aGCL /
_cGCL
082 0 4 _a637.1
_bP P
100 1 _aPRASAD, JAGDISH
245 1 0 _aPRINCIPLES AND PRACTICES OF DAIRY FARM MANAGEMENT /
_cPRASAD, JAGDISH
260 _a[S.N] :
_bKALYANI PUBLISHERS ،
_c1992
300 _a500\P
650 0 4 _aFARM MANAGEMENT
650 0 4 _aFARMING
650 0 4 _aDAIRY FARM MANAGEMENT
650 0 4 _aANIMAL HUSBANDRY
942 _2ddc
_cBK
999 _c20050
_d20050